The Fast Forward MBA in Project Management. (Record no. 2396)

MARC details
005 - DATE AND TIME OF LATEST TRANSACTION
control field 20250516114457.0
020 ## - INTERNATIONAL STANDARD BOOK NUMBER
International Standard Book Number 978-1-119-08657-4
082 ## - DEWEY DECIMAL CLASSIFICATION NUMBER
Classification number 658.404 VER
100 ## - MAIN ENTRY--PERSONAL NAME
Author name VERZUH, E.
245 ## - TITLE STATEMENT
Title The Fast Forward MBA in Project Management.
250 ## - EDITION STATEMENT
Edition statement 5th Ed.
260 ## - PUBLICATION, DISTRIBUTION, ETC.
Place of publication, distribution, etc. Canada,
Name of publisher, distributor, etc. John Wiley &son, Inc,
Date of publication, distribution, etc. 2016.
300 ## - PHYSICAL DESCRIPTION
Extent xviii, 510p.: Ill.;figures & table
Other physical details Index
Dimensions 22cm.
942 ## - ADDED ENTRY ELEMENTS (KOHA)
Source of classification or shelving scheme Dewey Decimal Classification
Koha item type Books
Holdings
Date last seen Total checkouts Full call number Barcode Cost, replacement price Price effective from Koha item type Lost status Source of classification or shelving scheme Damaged status Not for loan Withdrawn status Home library Current library Shelving location Date acquired Cost, normal purchase price
05/16/2025   658.404 VER 0000009013 191250.00 05/16/2025 Books   Dewey Decimal Classification       College of Business Education Main Library College of Business Education Main Library General Collection 06/19/2017 63750.00
05/16/2025   658.404 VER 0000009014 191250.00 05/16/2025 Books   Dewey Decimal Classification       College of Business Education Main Library College of Business Education Main Library General Collection 06/19/2017 63750.00
05/16/2025   658.404 VER 0000009015 191250.00 05/16/2025 Books   Dewey Decimal Classification       College of Business Education Main Library College of Business Education Main Library General Collection 06/19/2017 63750.00
05/16/2025   658.404 VER 0000009016 191250.00 05/16/2025 Books   Dewey Decimal Classification       College of Business Education Main Library College of Business Education Main Library General Collection 06/19/2017 63750.00
05/16/2025   658.404 VER 0000009017 191250.00 05/16/2025 Books   Dewey Decimal Classification       College of Business Education Main Library College of Business Education Main Library General Collection 06/19/2017 63750.00